MARC

LEADER 00000nam0a2200000 4500
001 302398
005 20231102001510.0
020 |a RU  |b 83-18883 
035 |a (RuTPU)RU\TPU\book\327605 
090 |a 302398 
100 |a 20150821d1983 k y0rusy5003 ca 
101 0 |a rus 
102 |a RU 
105 |a a z 001zy 
200 1 |a Тектонотип байкалид  |f А. Н. Булгатов  |g Академия наук СССР (АН СССР), Сибирское отделение (СО), Бурятский геологический институт (БГИ) ; под ред. Г. В. Андреева 
210 |a Новосибирск  |c Наука  |d 1983 
215 |a 193 с.  |c ил. 
320 |a Библиогр.: с. 178-193 
606 1 |a Складчатость горных пород  |2 stltpush  |3 (RuTPU)RU\TPU\subj\55032  |9 73104 
610 1 |a Прибайкалье 
610 1 |a Забайкалье 
610 1 |a тектонотипы 
610 1 |a байкалиды 
610 1 |a палеозойская складчатость 
610 1 |a оруденение 
675 |a 551.243.3  |z rus  |v 4 
700 1 |a Булгатов  |b А. Н.  |4 070 
702 1 |a Андреев  |b Г. В.  |4 340 
712 0 2 |a Академия наук СССР (АН СССР)  |b Сибирское отделение (СО)  |b Бурятский геологический институт (БГИ)  |c (Улан-Удэ)  |2 stltpush  |3 (RuTPU)RU\TPU\col\11435 
801 0 |a RU  |b RuMRKP  |c 19950704  |g psbo 
801 1 |a RU  |b 63413507  |c 20150821 
801 2 |a RU  |b 63413507  |c 20170810  |g RCR 
942 |c BK